The ecological effects of eucalyptus

Bibliographic Details
Main Author: POORE
Corporate Author: Food and Agriculture Organization of the United Nations (FAO)
Other Authors: Fries
Format: Book
Published: Rome : Food and Agriculture Organization of the United Nations , 1985
Series:FAO forestry paper ; 59
Subjects:

MARC

LEADER 00000cam a2200000 7i4500
001 0000001269
005 20140402.0
020 0 0 |a 9251022860 
090 0 0 |a FAO634.973766   |b POO 1985 
100 1 0 |a POORE   |h M. E. D. 
245 1 4 |a The ecological effects of eucalyptus   |c by M.E.D. Poore and C. Fries 
260 0 0 |a Rome :   |b Food and Agriculture Organization of the United Nations ,   |c 1985 
300 |a iii, 88 p. ;   |c 30 cm. 
440 0 0 |a FAO forestry paper ; 59 
500 0 0 |a Bibliography : [p. 57-88] 
650 0 0 |a Eucalyptus   |x Ecology 
700 0 1 |a Fries   |h C. 
710 1 1 |a Food and Agriculture Organization of the United Nations (FAO) 
998 |a JPSM 
999 |a 0000006432   |b Monograph   |c Open Shelf   |e Default branch